| 000 | 00344nam a2200133Ia 4500 | ||
|---|---|---|---|
| 008 | 240624s9999 xx 000 0 und d | ||
| 041 | _aeng | ||
| 082 | _a158.7 SUB | ||
| 100 | _aSUBBULAKSHMI V | ||
| 245 | _aEMOTIONAL INTELLIGENCE AT WORKPLACE | ||
| 260 |
_c2005 _aHyderabad _bICFAI press |
||
| 300 | _ax, : 195 : p. : cm. ; 23 | ||
| 365 |
_cRS _b50 |
||
| 999 |
_c6469 _d6469 |
||